000 00622nam a2200217 4500
003 OSt
005 20260601193854.0
008 260506b1999 |||a|||| |||| 00| 0 spa d
020 _a9686904107
040 _aICI
_bspa
_cICI
050 _aNA755
_b.A7677
100 1 _aAlva Martínez, Ernesto
245 1 _aArquitectura Mexicana de fin de siglo
_c Ernesto Alva Martínez
264 _bCOMEX
_c1999
_aMéxico
300 _a216 páginas
336 _atexto
_2rdacontent
337 _asin medio
_2rdamedia
338 _avolumen
_2rdacarrier
650 _aArquitectura
_xHistoria
_ySiglo XX
_zMéxico
_914361
942 _2lcc
_cB
_n1
999 _c21974
_d21974